Solar optical materials : applications & performance of coatings & materials in buildings & solar energy systems : proceedings of the conference, Oxford, UK, 12-13 April 1988 /

Bibliographic Details
Other Authors: Hutchins, M. G.
Format: Book
Language:English
Published: Oxford [Oxfordshire] ; New York : Published for International Solar Energy Society, UK Section, by Pergamon Press, 1988.
Edition:1st ed.
Subjects:

MARC

Tag First Indicator Second Indicator Subfields
LEADER 00000cam a2200000 a 4500
001 in00000034468
005 20151007060729.0
008 880429s1988 enka b 10000 eng
010 |a  88015169  
020 |a 0080366139 (pbk.) :  |c $45.00 (U.S.) 
035 |a (OCoLC)17954457 
035 |9 AAC1598AM 
040 |a DLC  |c DLC  |d TXA  |d UtOrBLW 
049 |a TXAM  |c [A11687888] 
050 0 0 |a TJ812.7  |b .S65 1988 
082 0 |a 621.47  |2 19 
245 0 0 |a Solar optical materials :  |b applications & performance of coatings & materials in buildings & solar energy systems : proceedings of the conference, Oxford, UK, 12-13 April 1988 /  |c edited by M.G. Hutchins. 
250 |a 1st ed. 
264 1 |a Oxford [Oxfordshire] ;  |a New York :  |b Published for International Solar Energy Society, UK Section, by Pergamon Press,  |c 1988. 
300 |a vii, 180 pages :  |b illustrations ;  |c 30 cm. 
336 |a text  |b txt  |2 rdacontent 
337 |a unmediated  |b n  |2 rdamedia 
338 |a volume  |b nc  |2 rdacarrier 
504 |a Includes bibliographies. 
650 0 |a Solar energy  |x Materials  |x Congresses. 
650 0 |a Optical materials  |v Congresses. 
700 1 |a Hutchins, M. G. 
999 |a MARS 
999 f f |s 9a9fa7ee-588f-3594-9ba9-1af542479b69  |i 77d5d184-b05d-3223-8e59-d7218113be4f  |t 0 
952 f f |p ric  |a Texas A&M University  |b Rellis Campus  |c Joint Library Facility  |d Remote Storage  |t 0  |e TJ812.7 .S65 1988  |h Library of Congress classification  |i unmediated -- volume  |m A14811687888 
998 f f |a TJ812.7 .S65 1988  |t 0  |l Remote Storage